|
|
|
|
| LEADER |
01216nam a22002777a 4500 |
| 001 |
33412 |
| 003 |
BD-DhAAL |
| 005 |
20180717124454.0 |
| 008 |
180717t1999 bg a ||| |||| 00| 0 ben d |
| 999 |
|
|
|c 39817
|d 39817
|
| 020 |
|
|
|a 9841316064
|
| 040 |
|
|
|a BD-DhAAL
|
| 082 |
|
|
|a 575.0092
|2 20
|
| 100 |
|
|
|a শর্মা, দ্বিজেন
|9 27458
|
| 245 |
|
|
|a সতীর্থবলয়ে ডারউইন /
|c দ্বিজেন শর্মা
|
| 246 |
|
|
|a Sateertha balaye Darwin
|
| 246 |
|
|
|a Darwin and his circle
|
| 260 |
|
|
|a ঢাকা :
|b মুক্তধারা,
|c ১৯৯৯
|
| 300 |
|
|
|a ১১১ পৃষ্ঠা :
|b চিত্র ;
|c ২২ সে. মি.
|
| 526 |
|
|
|a ARC
|
| 541 |
|
|
|e 33412
|
| 600 |
|
|
|a Darwin, Charles,
|d 1809-1882
|9 27462
|
| 650 |
|
|
|a Naturalists
|z England
|x Biography
|x Juvenile literature
|9 27461
|
| 852 |
|
|
|a Department of Architecture
|b General Stacks
|
| 942 |
|
|
|2 ddc
|c BK
|
| 952 |
|
|
|0 0
|1 1
|2 ddc
|4 0
|6 575_009200000000000_SAR
|7 0
|9 63851
|a ARC
|b ARC
|c GEN
|d 2018-07-17
|l 0
|o 575.0092 SAR
|p 3010033412
|r 2018-07-17
|t 1
|w 2018-07-17
|y BK
|x lost from the ARC department library and approved by the Dean (reasons personal books withdrawn by Hasibul Kabir Sir and Building shifting)
|